000 00306nam a22001337a 4500
008 171027b xxu||||| |||| 00| 0 eng d
020 _a9780324422634
041 _aeng
080 _25TH
_a336
100 _a55
101 _aMEN
245 _aPRACTICAL FINANCIAL MANAGEMENT
_cLASHER,W.R
942 _2udc
_cBK
999 _c36064
_d36064